Contemporary algebra and trigonometry (Record no. 16214)

000 -LEADER
fixed length control field 00478cam a22001571 4500
040 ## - CATALOGING SOURCE
Transcribing agency F
082 ## - DEWEY DECIMAL CLASSIFICATION NUMBER
Classification number 512 HOL 1963 A023 Or.
100 1# - MAIN ENTRY--AUTHOR NAME
Personal name Griswold, Alice L.
245 10 - TITLE STATEMENT
Title Contemporary algebra and trigonometry
260 ## - PUBLICATION, DISTRIBUTION, ETC. (IMPRINT)
Place of publication New York,
Name of publisher Holt, Rinehart and Winston
Year of publication [1963]
300 ## - PHYSICAL DESCRIPTION
Number of Pages ix, 498, 100 p.
Other physical details diagrs., tables,
Dimensions 24 cm.
490 0# - SERIES STATEMENT
Series statement The Holt, Rinehart and Winston secondary school mathematics program
650 #0 - SUBJECT ADDED ENTRY--TOPICAL TERM
Topical Term Algebra.
650 #0 - SUBJECT ADDED ENTRY--TOPICAL TERM
Topical Term Trigonometry.
942 ## - ADDED ENTRY ELEMENTS (KOHA)
Koha item type សៀវភៅភាសាអង់គ្លេស
952 ## - LOCATION AND ITEM INFORMATION (KOHA)
Withdrawn status [LOCAL, KOHA] 0
Holdings
Permanent Location Date acquired Koha item type Lost status Shelving location Barcode Current Location Full call number
Library Block A2018-01-23សៀវភៅភាសាអង់គ្លេស A023A24125Library Block A512 HOL 1963 A023 Or.
មជ្ឈមណ្ឌលឯការនៃសាកលវិទ្យាល័យភូមិន្ទកសិកម្មចំការដូង

Powered by Koha